书目信息 |
| 题名: |
新日本语能力测试50天逐级突破N5、N4、N3
|
|
| 作者: | 邢莉 总主编 | |
| 分册: | 听力天天练 | |
| 出版信息: | 大连 大连理工大学出版社 2016 |
|
| 页数: | 334页 | |
| 开本: | 26cm | |
| 丛书名: | ||
| 单 册: | ||
| 中图分类: | H360.41 , H369.9 | |
| 科图分类: | ||
| 主题词: | 日语--水平考试--自学参考资料 , 日语--听力--水平考试--自学参考资料 | |
| 电子资源: | ||
| ISBN: | 978-7-5685-0524-6 | |
| 000 | 01082nam0 2200277 450 | |
| 001 | 0104003897 | |
| 005 | 20161209144457.0 | |
| 010 | @a978-7-5685-0524-6@dCNY39.80 | |
| 100 | @a20161101d2016 em y0chiy0120 ea | |
| 101 | 0 | @achi@ajpn |
| 102 | @aCN@b210000 | |
| 105 | @aa z 000yy | |
| 106 | @ar | |
| 200 | 1 | @a新日本语能力测试50天逐级突破N5、N4、N3@9Xin Ri Ben Yu Neng Li Ce Shi 5 0 Tian Zhu Ji Tu Po N 5 、 N 4 、 N 3 @i听力天天练@f邢莉总主编@g邢莉册主编@b专著 |
| 210 | @a大连@c大连理工大学出版社@d2016 | |
| 215 | @a334页@c图@d26cm@e1光盘@e1听力材料(109页;21cm) | |
| 300 | @aUSjp优势日本语 | |
| 307 | @a附光盘:ISBN 978-7-88879-147-3 ISRC CN-Q08-13-00190 | |
| 330 | @a本书共分50天,内容丰富,信息量大,分阶段逐级突破N5、N4、N3,配有详细解析,每个阶段后还配有模拟题,供考生进行模拟实践,检验学习成果。 | |
| 606 | 0 | @a日语@x水平考试@j自学参考资料 |
| 606 | 0 | @a日语@x听力@x水平考试@j自学参考资料 |
| 690 | @aH360.41@v5 | |
| 690 | @aH369.9@v5 | |
| 701 | 0 | @a邢莉@c(日语)@4总主编@4册主编@9xing li |
| 801 | 0 | @aCN@bAZmarc@c20230903 |
| 905 | @aBZT@dH360@e12@f5@sH360/12 | |
| 新日本语能力测试50天逐级突破N5、N4、N3.听力天天练/邢莉总主编/邢莉册主编.-大连:大连理工大学出版社,2016 |
| 334页:图;26cm+1光盘+1听力材料(109页;21cm) |
| USjp优势日本语 |
| ISBN 978-7-5685-0524-6:CNY39.80 |
| 本书共分50天,内容丰富,信息量大,分阶段逐级突破N5、N4、N3,配有详细解析,每个阶段后还配有模拟题,供考生进行模拟实践,检验学习成果。 |
| ● |
| 相关链接 |
|
|
|
正题名:新日本语能力测试50天逐级突破N5、N4、N3
索取号:H360/12
 
预约/预借
| 序号 | 登录号 | 条形码 | 馆藏地/架位号 | 状态 | 备注 |
| 1 | 2000011783 | 2000011783 | 旧书回溯/ [索取号:H360/12] | 在馆 | |
| 2 | 2000011784 | 2000011784 | 旧书回溯/ [索取号:H360/12] | 在馆 | |
| 3 | 2000011785 | 2000011785 | 旧书回溯/ [索取号:H360/12] | 在馆 | |
| 4 | 2000011786 | 2000011786 | 旧书回溯/ [索取号:H360/12] | 在馆 | |
| 5 | 2000011787 | 2000011787 | 旧书回溯/ [索取号:H360/12] | 在馆 |